000 00576nam a22001932 4500
001 0000001392
005 20151217151816.0
008 070307s xx 000 0 eng d
020 _a0199268010 :
_cKES 5,849
040 _aKABU
_cKABU
050 0 _aHB139
_b.E26
245 1 0 _aEconometric methods with applications in business and economics /
_cChristiaan Heij ... [et al.]
260 _aOxford :
_bOUP,
_c2004.
300 _axxv, 787 p.
700 1 _aHeij, Christiaan.
_@0000150089
908 _a070307
950 _@1
999 _c5228
_d5228